000 00512nam a22001817a 4500
005 20251108164029.0
008 250721s1996 xx 000 0 ara d
082 1 4 _a210.47/يوس
100 1 _aالقرضاوي، يوسف
245 1 0 _aالإسلام و الفن /
264 1 _aعمان :
_bدار الفرقان،
_c1996.
300 _a159ص.
490 0 _aسلسلة رسائل في ترشيد الصحوة؛2
650 1 7 _aالإسلام
650 1 7 _aالفنون
942 _2ddc
_cBK
999 _c1869
_d1869